LEADER 01188nam2 22002893i 450 001 SUN0125319 005 20200305105722.837 010 $a8-88-288-0560-1$d0.00 100 $a20191106d2019 |0itac50 ba 101 $aita 102 $aIT 105 $a|||| ||||| 200 1 $a[1]: *Impresa e società$fPier Giusto Jaeger, Francesco Denozza, Alberto Toffoletto 205 $a8. ed 210 $aMilano$cGiuffrè Francis Lefebvre$d2019 215 $aXX, 763 p.$d24 cm. 461 1$1001SUN0097073$12001 $aAppunti di diritto commerciale$fPier Giusto Jaeger, Francesco Denozza$v1$1210 $aMilano$cA. Giuffrè$1215 $a vol.$d25 cm. 620 $dMilano$3SUNL000284 700 1$aJaeger$b, Pier Giusto$3SUNV001318$0110870 701 1$aDenozza$b, Francesco$3SUNV001274$0111365 701 1$aToffoletto$b, Alberto$3SUNV001275$0148813 712 $aGiuffrè Francis Lefebvre$3SUNV010395$4650 801 $aIT$bSOL$c20200309$gRICA 912 $aSUN0125319 950 $aUFFICIO DI BIBLIOTECA DEL DIPARTIMENTO DI GIURISPRUDENZA$d00CONS VI.Ea.233 1 $e00UBG4864 20191106 996 $aImpresa e società$91564635 997 $aUNICAMPANIA LEADER 01110nam 2200301z- 450 001 9910689462703321 005 20161209100137.0 035 $a(CKB)5860000000033368 035 $a(BIP)008680335 035 $a(EXLCZ)995860000000033368 100 $a20220406c2001uuuu -u- - 101 0 $aeng 200 10$aRussia $ehow Vladimir Putin rose to power and what America can expect : hearing before the Committee on International Relations, House of Representatives, One Hundred Sixth Congress, second session, September 27, 2000 215 $a1 online resource (iii, 53 p.) 311 $a0-16-064880-7 517 $aRussia 607 $aRussia (Federation)$xPolitics and government$y1991- 607 $aRussia (Federation)$xForeign relations$zUnited States 607 $aUnited States$xForeign relations$zRussia (Federation) 610 $aPutin, vladimir vladimirovich, 1952- 610 $aRussia (federation) 610 $aUnited States 610 $aBiography & autobiography 610 $aPolitical science 906 $aBOOK 912 $a9910689462703321 996 $aRussia$9168897 997 $aUNINA